Klastre ako nástroje rozvoja inovačných aktivít podnikov v podmienkach Slovenskej republiky diplomová práca

Uložené v:
Podrobná bibliografia
Hlavný autor: Kandalová, Katarína
Korporativný autor: Podnikovohospodárska fakulta EU so sídlom v Košiciach. Katedra účtovníctva a financií
Ďalší autori: Freňáková, Magdaléna, 1981-
Médium: Kniha
Jazyk:Slovak
Vydavateľské údaje: Košice 2010
Tagy: Pridať tag
Žiadne tagy, Buďte prvý, kto otaguje tento záznam!

MARC

LEADER 00000nam$a2200000$$$4500
001 0122271
005 20240318122345.0
041 0 |a slo 
044 |a SK 
245 1 0 |a Klastre ako nástroje rozvoja inovačných aktivít podnikov v podmienkach Slovenskej republiky  |b diplomová práca  |c Katarína Kandalová ; škol. Magdaléna Freňáková 
264 1 |a Košice  |c 2010 
300 |a 72 s. 
100 1 |a Kandalová, Katarína 
700 1 |a Freňáková, Magdaléna, 1981- 
710 2 |a Podnikovohospodárska fakulta EU so sídlom v Košiciach. Katedra účtovníctva a financií